Tipos Gans : creación contínua de tipos artísticos / Fundición Tipográfica Richard Gans creación contínua de tipos artísticos / Fundición Tipográfica Richard Gans
Descripción Física:
80 p. : il. ; 24 cm
MARC
| LEADER | 00000nam a2200000Ia 4500 | ||
|---|---|---|---|
| 001 | 13868 | ||
| 008 | 160829s9999 xx 000 0 cat d | ||
| 080 | |a C-2-224 | ||
| 245 | |a Tipos Gans : |b creación contínua de tipos artísticos / Fundición Tipográfica Richard Gans | ||
| 260 | |a Madrid : |b la Fundición, [191 - ?] | ||
| 300 | |a 80 p. : |b il. ; |c 24 cm | ||
| 610 | 2 | 0 | |a Fundición Tipográfica Richard Gans |9 55130 |
| 650 | 0 | |a Tipus d'impremta |9 30279 | |
| 710 | 2 | |a Fundición Tipográfica Richard Gans |9 55130 | |
| 901 | |a Arxiu | ||
| 942 | |n 1 | ||
| 952 | |0 0 |1 0 |4 0 |6 C2224 |7 1 |9 45360 |a Arxiu |b Arxiu |d 2016-12-01 |l 0 |o C-2-224 |p 13868 |r 2016-12-01 00:00:00 |w 2016-12-01 |y ARXIU | ||
| 999 | |c 48434 |d 48434 | ||